000 00572nmm a2200169Ia 4500
008 251105s9999||||xx |||||||||||||||||und||
020 _a9788476588369
041 _aspa
100 _aGuadarrama, Rocío y Torres, José Luis (Coords.)
245 0 _aLos significados del trabajo femenino en el mundo global. Estereotipos, transacciones y rupturas
264 _a[Madrid, España] :
_bAnthropos,
_c2007
300 _a256 páginas
490 _aCuadernos A
650 _aGender and Women Studies
856 _uhttps://public.digitaliapublishing.com/a/15577
942 _cCF
999 _c85170
_d85170